[Event "Varazdinske Toplice rapid op"]
[Site "Varazdinske Toplice"]
[Date "2017.12.26"]
[Round "7"]
[White "Fodor, Ivan"]
[Black "Lacko, Zlatko"]
[Result "1-0"]
[WhiteElo "1961"]
[BlackElo "1994"]
[PlyCount "71"]
[EventDate "2017.12.26"]
[EventType "swiss (rapid)"]
[EventRounds "9"]
[EventCountry "CRO"]
[SourceTitle "EXT 2019"]
[Source "ChessBase"]
[SourceDate "2018.10.10"]
[SourceVersion "1"]
[SourceVersionDate "2018.10.10"]
[SourceQuality "1"]

1. e4 c5 2. Nf3 Nc6 3. d3 a6 4. Nc3 e6 5. Be2 Be7 6. 0-0 d6 7. a3 Nf6 8. h3 0-0 9. Be3 e5 10. Re1 Nd4 11. Bf1 Bd7 12. b4 b6 13. Rb1 Qc7 14. Bxd4 cxd4 15. Ne2 Rac8 16. Rb2 Ba4 17. Qd2 h6 18. Rc1 d5 19. c3 dxe4 20. cxd4 Qxc1 21. Nxc1 exf3 22. dxe5 fxg2 23. Bxg2 Nh5 24. Ne2 Rfd8 25. Bb7 Rc7 26. Bxa6 f6 27. Qe3 b5 28. Nd4 fxe5 29. Ne6 Bg5 30. Qxe5 Rc1+ 31. Kh2 Rxd3 32. Nxg5 hxg5 33. Qe8+ Kh7 34. Qxh5+ Kg8 35. Qe8+ Kh7 36. Qe4+ 1-0

[Event "CRO-chT3 Centar-B"]
[Site "Croatia"]
[Date "2017.05.14"]
[Round "4.5"]
[White "Vurusic, Mihael"]
[Black "Fodor, Ivan"]
[Result "1-0"]
[WhiteElo "1770"]
[BlackElo "1994"]
[PlyCount "71"]
[EventDate "2017.04.02"]
[EventType "team-tourn"]
[EventRounds "9"]
[EventCountry "CRO"]
[SourceTitle "EXT 2019"]
[Source "ChessBase"]
[SourceDate "2018.10.10"]
[SourceVersion "1"]
[SourceVersionDate "2018.10.10"]
[SourceQuality "1"]

1. e4 c5 2. Nf3 e6 3. d4 cxd4 4. Nxd4 a6 5. Nc3 b5 6. a3 Bb7 7. Be3 d6 8. Qe2 Nd7 9. 0-0-0 Ngf6 10. f3 Be7 11. g4 Ne5 12. g5 Nfd7 13. f4 Nc4 14. Bh3 Rc8 15. Nxe6 fxe6 16. Bxe6 Nxa3 17. Bd4 Nf6 18. gxf6 Bxf6 19. e5 dxe5 20. Bxe5 Qe7 21. Bd7+ Kf7 22. Bxc8 Rxc8 23. Qh5+ Kg8 24. Rhe1 g6 25. Qh3 b4 26. Bxf6 Qxf6 27. Qe6+ Qxe6 28. Rxe6 Rc7 29. bxa3 bxc3 30. Rd3 Rf7 31. Rxc3 Rxf4 32. Re7 Bd5 33. Rc8+ Rf8 34. Rxf8+ Kxf8 35. Rxh7 Ke8 36. Kd2 1-0

[Event "CRO-chT3 Centar-B"]
[Site "Croatia"]
[Date "2017.04.02"]
[Round "1.3"]
[White "Fodor, Ivan"]
[Black "Srnec, Sladjan"]
[Result "1-0"]
[WhiteElo "1994"]
[BlackElo "1872"]
[PlyCount "76"]
[EventDate "2017.04.02"]
[EventType "team-tourn"]
[EventRounds "9"]
[EventCountry "CRO"]
[SourceTitle "EXT 2019"]
[Source "ChessBase"]
[SourceDate "2018.10.10"]
[SourceVersion "1"]
[SourceVersionDate "2018.10.10"]
[SourceQuality "1"]

1. e4 d6 2. d4 g6 3. c3 Bg7 4. Bd3 Nf6 5. Ne2 Nbd7 6. 0-0 c5 7. f3 Qb6 8. Na3 0-0 9. Kh1 a6 10. b3 Qc7 11. Be3 b5 12. Qc2 Bb7 13. Rac1 Rac8 14. Ng3 Qa5 15. Qb2 Qd8 16. Rfd1 Rc7 17. Be2 Qa8 18. Qd2 Rfc8 19. d5 Nf8 20. Nc2 N8d7 21. a3 b4 22. axb4 cxb4 23. Bd4 bxc3 24. Qe3 Ne5 25. Bb6 Ned7 26. Bxc7 Rxc7 27. Nd4 Qc8 28. Bd3 Nc5 29. Bc2 h5 30. h3 Kh7 31. f4 Bh6 32. Qf2 Ncd7 33. Ra1 Bg7 34. Nf3 Kg8 35. Ne2 Nc5 36. e5 Qa8 37. Qd4 e6 38. Nxc3 Qc8 1-0

[Event "CRO-chT3B Center North"]
[Site "Croatia"]
[Date "2016.10.16"]
[Round "7.4"]
[White "Novak, Ivan2222"]
[Black "Fodor, Ivan"]
[Result "1-0"]
[WhiteElo "2218"]
[BlackElo "2006"]
[PlyCount "111"]
[EventDate "2016.04.03"]
[EventType "team-tourn"]
[EventRounds "9"]
[EventCountry "CRO"]
[SourceTitle "EXT 2019"]
[Source "ChessBase"]
[SourceDate "2018.10.10"]
[SourceVersion "1"]
[SourceVersionDate "2018.10.10"]
[SourceQuality "1"]

1. d4 d5 2. c4 e6 3. Nf3 Nf6 4. g3 Be7 5. Bg2 c6 6. 0-0 0-0 7. Qc2 b6 8. Nbd2 Bb7 9. e4 dxe4 10. Nxe4 Nbd7 11. Nc3 Rc8 12. Rd1 Qe8 13. Bf4 Ba8 14. Rd2 a5 15. Re1 h6 16. Qd1 Nh5 17. Be3 Nhf6 18. Ne5 Bb4 19. Bf4 b5 20. a3 Bxc3 21. bxc3 Nb6 22. Qb3 Nh5 23. c5 Nxf4 24. gxf4 Nd7 25. Rde2 Qd8 26. f5 Nxe5 27. Rxe5 exf5 28. Rxf5 Rc7 29. Rfe5 Bb7 30. a4 Ba6 31. axb5 cxb5 32. c6 Qd6 33. Qd5 Qa3 34. Qc5 Qxc5 35. Rxc5 Rd8 36. d5 Kf8 37. Bf1 Rd6 38. Bxb5 Rg6+ 39. Kf1 Bc8 40. Re3 Re7 41. Bd3 Rf6 42. Rxe7 Kxe7 43. Rxa5 Kd6 44. Ke2 Bg4+ 45. Ke1 Rf4 46. c4 Rd4 47. Ra3 g5 48. Kd2 Rf4 49. Ke3 Rf3+ 50. Kd4 Rf4+ 51. Be4 f5 52. c5+ Ke7 53. d6+ Kf6 54. f3 Bh3 55. d7 Ke7 56. Ra8 1-0

[Event "CRO-chT3B Center North"]
[Site "Croatia"]
[Date "2016.10.09"]
[Round "6.2"]
[White "Srsan, Matija"]
[Black "Fodor, Ivan"]
[Result "1-0"]
[WhiteElo "1956"]
[BlackElo "2006"]
[PlyCount "87"]
[EventDate "2016.04.03"]
[EventType "team-tourn"]
[EventRounds "9"]
[EventCountry "CRO"]
[SourceTitle "EXT 2019"]
[Source "ChessBase"]
[SourceDate "2018.10.10"]
[SourceVersion "1"]
[SourceVersionDate "2018.10.10"]
[SourceQuality "1"]

1. e4 c5 2. Nf3 e6 3. d4 cxd4 4. Nxd4 a6 5. Be3 Be7 6. Bd3 Nc6 7. 0-0 Nf6 8. c4 Ne5 9. h3 Nxd3 10. Qxd3 0-0 11. Nc3 d6 12. Rfd1 Qc7 13. Rac1 Bd7 14. a3 Rac8 15. b3 b6 16. f4 h6 17. Nf3 Rfd8 18. Qe2 Qb7 19. Bf2 Bc6 20. Re1 Nd7 21. b4 Qa8 22. Nd4 Bb7 23. f5 exf5 24. Nxf5 Bf8 25. Bh4 Re8 26. Nxh6+ gxh6 27. Qg4+ Bg7 28. Qxd7 Bc6 29. Qg4 Re6 30. Nd5 Qb7 31. Bf6 Rxf6 32. Nxf6+ Kf8 33. Rf1 Rc7 34. Rcd1 Re7 35. Rxd6 Qc7 36. Qf4 Bxe4 37. Nxe4 Rxe4 38. Qxe4 Qxd6 39. Qa8+ Ke7 40. Qb7+ Kd8 41. Qxf7 Qd4+ 42. Kh1 Be5 43. Qe6 Bd6 44. Qf6+ 1-0

[Event "CRO-chT3B Center North"]
[Site "Croatia"]
[Date "2016.04.24"]
[Round "4.1"]
[White "Srpak, Damir"]
[Black "Fodor, Ivan"]
[Result "0-1"]
[WhiteElo "1864"]
[BlackElo "2006"]
[PlyCount "104"]
[EventDate "2016.04.03"]
[EventType "team-tourn"]
[EventRounds "9"]
[EventCountry "CRO"]
[SourceTitle "EXT 2019"]
[Source "ChessBase"]
[SourceDate "2018.10.10"]
[SourceVersion "1"]
[SourceVersionDate "2018.10.10"]
[SourceQuality "1"]

1. d4 d5 2. Nf3 e6 3. e3 c5 4. c4 Nf6 5. Nc3 b6 6. cxd5 exd5 7. Be2 Bb7 8. 0-0 Be7 9. b3 0-0 10. Bb2 a6 11. a4 Qc7 12. Rc1 Rd8 13. Bd3 Nc6 14. Bb1 Qd7 15. Ne2 Rac8 16. Ng3 g6 17. dxc5 bxc5 18. Bxf6 Bxf6 19. Rxc5 Qd6 20. Rc2 a5 21. Rd2 Qb4 22. Ne2 Kg7 23. Bd3 Qb6 24. Bb5 Nb4 25. Nfd4 Qd6 26. Nc2 Nc6 27. Ncd4 Ne7 28. Rc2 Qb6 29. Qd3 Rxc2 30. Qxc2 Be5 31. f4 Bd6 32. Qd3 Rc8 33. f5 Be5 34. g4 Qc7 35. h3 Qb6 36. Nf3 Bd6 37. Ned4 Bb4 38. Nc2 f6 39. Nfd4 Bd6 40. Bd7 Rb8 41. fxg6 hxg6 42. Ne6+ Kf7 43. Qc3 d4 44. Nexd4 Be5 45. Qd3 Qd6 46. Be6+ Kg7 47. e4 Rd8 48. Rd1 Nc6 49. Qb5 Nxd4 50. Qxb7+ Kh6 51. Nxd4 Bxd4+ 52. Kg2 Qxe6 0-1

[Event "CRO-chT3B Center North"]
[Site "Croatia"]
[Date "2012.05.05"]
[Round "3.41"]
[White "Fodor, Ivan"]
[Black "Lovrencic, Vladimir"]
[Result "0-1"]
[WhiteElo "2068"]
[BlackElo "2149"]
[PlyCount "82"]
[EventDate "2012.04.14"]
[EventType "team-tourn"]
[EventRounds "9"]
[EventCountry "CRO"]
[SourceTitle "EXT 2013"]
[Source "ChessBase"]
[SourceDate "2012.11.22"]
[SourceVersion "1"]
[SourceVersionDate "2012.11.22"]
[SourceQuality "1"]

1. e4 c5 2. Nf3 e6 3. Nc3 a6 4. b3 Nc6 5. Bb2 Qc7 6. g3 Nf6 7. Bg2 Be7 8. 0-0 0-0 9. d3 d6 10. Ne2 Rb8 11. a4 b5 12. Bc3 d5 13. axb5 axb5 14. Nd2 Bb7 15. exd5 Nxd5 16. Bb2 Rfd8 17. Nc3 Nd4 18. Nxd5 Bxd5 19. Bxd5 Rxd5 20. Nf3 Bf6 21. Ra2 h5 22. Kg2 h4 23. Nd2 Qc6 24. Ne4 Rbd8 25. f3 Nf5 26. Qe1 Bxb2 27. Rxb2 hxg3 28. hxg3 c4 29. dxc4 bxc4 30. Rf2 Rd1 31. Qe2 Ra1 32. bxc4 Rdd1 33. Kh3 e5 34. Rb8+ Kh7 35. Ng5+ Kg6 36. Qe4 Qc5 37. Kg4 Rd4 38. Re2 Rxe4+ 39. Nxe4 Nh6+ 40. Kh3 Rh1+ 41. Rh2 Qg1 0-1

[Event "CRO-chT3B Center North"]
[Site "Croatia"]
[Date "2012.04.14"]
[Round "1.51"]
[White "Fodor, Ivan"]
[Black "Zeleznjak, Tihomir"]
[Result "0-1"]
[WhiteElo "2068"]
[BlackElo "2141"]
[PlyCount "72"]
[EventDate "2012.04.14"]
[EventType "team-tourn"]
[EventRounds "9"]
[EventCountry "CRO"]
[SourceTitle "EXT 2013"]
[Source "ChessBase"]
[SourceDate "2012.11.22"]
[SourceVersion "1"]
[SourceVersionDate "2012.11.22"]
[SourceQuality "1"]

1. e4 c6 2. d4 d5 3. exd5 cxd5 4. Nf3 Nf6 5. Be2 Nc6 6. c3 Bf5 7. 0-0 e6 8. Nh4 Bxb1 9. Rxb1 Bd6 10. g3 0-0 11. a4 Rc8 12. f4 g6 13. Nf3 Qb6 14. Kg2 Ne4 15. Bd3 f5 16. Qe2 Na5 17. Nd2 Nb3 18. Nxb3 Qxb3 19. Bc2 Qb6 20. Be3 Qc6 21. Bd3 a6 22. Ra1 Qc7 23. Rfc1 g5 24. Bxe4 fxe4 25. Qg4 Rf5 26. Rf1 Qc4 27. fxg5 Rcf8 28. Bf4 e5 29. dxe5 Bxe5 30. Rf2 e3 31. Re2 Bxf4 32. gxf4 Rxf4 33. Qe6+ Kg7 34. Qxe3 Re4 35. Qxe4 dxe4 36. Rae1 Re8 0-1

[Event "CRO-chT3B Center North"]
[Site "Croatia"]
[Date "2011.05.14"]
[Round "5.11"]
[White "Novak, Ivan2222"]
[Black "Fodor, Ivan"]
[Result "1-0"]
[WhiteElo "2045"]
[BlackElo "2066"]
[PlyCount "73"]
[EventDate "2011.03.26"]
[EventType "team-tourn"]
[EventRounds "9"]
[EventCountry "CRO"]
[SourceTitle "EXT 2014"]
[Source "ChessBase"]
[SourceDate "2013.11.20"]
[SourceVersion "1"]
[SourceVersionDate "2013.11.20"]
[SourceQuality "1"]

1. d4 d5 2. c4 c6 3. Nf3 e6 4. g3 Nf6 5. Bg2 Bb4+ 6. Bd2 Bxd2+ 7. Nbxd2 0-0 8. 0-0 b6 9. Qc2 Bb7 10. Rfd1 Nbd7 11. e4 dxe4 12. Ng5 g6 13. Ngxe4 Nxe4 14. Nxe4 Nf6 15. Rac1 Nxe4 16. Qxe4 Qf6 17. c5 Rfd8 18. b4 b5 19. Qe5 Qxe5 20. dxe5 Kf8 21. Rd6 Rac8 22. a4 a6 23. axb5 axb5 24. Ra1 Rxd6 25. cxd6 Ra8 26. Rxa8+ Bxa8 27. f4 Ke8 28. Kf2 Kd7 29. Ke3 f6 30. Bh3 c5 31. bxc5 fxe5 32. fxe5 b4 33. Bf1 Bc6 34. Kd4 Ba4 35. Bg2 Bb5 36. c6+ Kc8 37. Kc5 1-0